02979nam a22003617a 4500999001700000003000900017008004100026040007100067082002500138110005400163245013200217260005500349300005000404440007300454505146500527650003301992650002902025650002702054650002502081650003602106700003502142700002802177700002502205700004702230700003902277700003802316710004002354710003302394856006802427942001202495945000802507952010202515 c22051d22051AR-CdUCM190515b ||||| |||| 00| 0 spa d aMUNICIPALIDAD PROVINCIAL DEL CUSCOcBIBLIOTECA MUNICIPAL DEL CUSCO aMVirreynal/N°2/1966 aCasa de la Cultura departamental del Cuzco947291 aRevista del Museo Virreynal /cCasa de la Cultura del Perú, Casa de la Cultura departamental del Cuzco, Museo Virreynal Cuzco aCusco :bH.G.Rozas,bMuseo Virreynal Cuzco,c1966. a78 [38] páginas. :bilustraciones ;c28 cm. aRevista del Museo Virreynal.nAño II, N°2, noviembre 1966.947294 aContenido: Historia de la fundación del Museo Virreynal del Cuzco. Luis A. Pardo -- Un Museo Histórico Regional para el Cuzco. Toribio Guerra Vereau -- Rumbo del arte peruano. Alfredo Yépez Miranda -- Con ocasión de. recordar a Tupac Amaru. Luis Felipe Paredes -- Zelenque. Doña Clorinda Matto de Turner -- ¡Salve Cuzco Magnífico! Hernando Vega Centeno Farfán -- Construcción en adobe. Oscar Ladrón de Guevara Avilés -- El Contador General del Incanato según Huamán Poma de Ayala. Carmela Pérez de Alarcón -- Apuntes para la Historia del Blasón Heráldico del Cuzco. Teófilo Benavente -- Tambo de Montero. José María Blanco -- Don Mateo García Pumacahua. Alcides Estrada -- El Ilmo. Obispo Don Manuel de Mollínedo y Angulo. Horacio Villanueva Urteaga -- Espergesia. Cesar Vallejo -- Espergesia, traducción libre al quechua. Efraín Chevarria -- Don Bartolomé Huamán Quispe. Teofilo Benavente -- San Pedro de Canchis tiene una Campana fechada en 1560. Teófilo Benavente -- La cena miserable. Cesar Vallejo -- Yarqay Mikhuy traducción libre al quechua. Efraín Chavarría -- La casa de Juan de Salas y Valdéz -- Cuzco una de las siete maravillas del Mundo. Alfredo Yépez Miranda -- Informe presentado por la CRIF. templo y ciudadela de Wiracocha -- Informe de la Casa de la Cultura del Cuzco. -- Crónica del Museo -- Joyas del Museo -- Los santos y las artesanías cusqueñas -- Ambientes del museo. aArquitectura religiosa95651 aPintura cusqueña97254 aArte cusqueño913165 aObras de arte913563 aClorinda Matto De Turner929945 aYépez Miranda, Alfredo94230 aEstrada, Alcides947179 aPardo, Luis A925736 aLadrón de Guevara Avilés, Oscar946572 aBenavente Velarde, Teófilo93145 aVillanueva Urteaga, Horacio95790 aCasa de la Cultura del Perú96211 aMuseo Virreynal Cuzco947293 uhttp://bvirtual.culturacusco.gob.pe/items/show/24zLeer digital 2ddccPP arac 002ddc4070aHEMbHEMcCARTd2022-02-23g10.00oMVirreynal/N°2/1966pREVC000860r2022-02-23yPP